[Event "25. Torneo Colllado Villalba"]
[Site "Collado Villalba ESP"]
[Date "2008.08.25"]
[Round "4.2"]
[White "Suba, Mihai"]
[Black "Petkov, Vladimir"]
[Result "0-1"]
[WhiteElo "2507"]
[BlackElo "2423"]
[PlyCount "64"]
[EventDate "2008.08.22"]
[EventType "swiss"]
[EventRounds "9"]
[EventCountry "ESP"]
[Source "lmi"]
[SourceDate "2008.08.22"]

1. c4 Nf6 2. Nc3 e6 3. Nf3 d5 4. d4 dxc4 5. e3 a6 6. a4 b6 7. Bxc4 Bb7 8. O-O
Bb4 9. Ne5 O-O 10. Qb3 Qe7 11. f3 c5 12. Na2 Ba5 13. Rd1 Nc6 14. Be2 Nxe5 15.
dxe5 Nd7 16. f4 b5 17. axb5 axb5 18. Bxb5 Bd5 19. Qc2 c4 20. Bxd7 Qxd7 21. Bd2
Bb6 22. Nb4 Rxa1 23. Rxa1 Bb7 24. Kf2 Be4 25. Qc3 Rd8 26. Be1 Qb7 27. Qxc4 Bxg2
28. Qe2 Bh1 29. Kg3 h5 30. Bc3 Bxe3 31. Qf1 Qe4 32. h3 Bg2 0-1

[Event "25. Torneo Colllado Villalba"]
[Site "Collado Villalba ESP"]
[Date "2008.08.25"]
[Round "4.3"]
[White "Pogorelov, Ruslan"]
[Black "Gallardo Garcia, Andres"]
[Result "0-1"]
[WhiteElo "2459"]
[BlackElo "2408"]
[PlyCount "67"]
[EventDate "2008.08.22"]
[EventType "swiss"]
[EventRounds "9"]
[EventCountry "ESP"]
[Source "lmi"]
[SourceDate "2008.08.22"]

1. Nf3 d5 2. d4 Nf6 3. c4 c6 4. Nc3 dxc4 5. a4 Bf5 6. Ne5 Nbd7 7. Nxc4 Qc7 8.
g3 e5 9. dxe5 Nxe5 10. Bf4 Nfd7 11. Bg2 f6 12. O-O Nc5 13. Ne3 Be6 14. b4 Rd8
15. Qc2 Na6 16. b5 Nb4 17. Qe4 Bc5 18. bxc6 bxc6 19. Nc2 Nd5 20. Bxe5 fxe5 21.
Qc4 Bd6 22. Ne4 Be7 23. Nc5 Bf7 24. Na6 Qc8 25. Rfd1 O-O 26. Nc5 Nf4 27. Qa6
Bxc5 28. Qxc8 Nxe2+ 29. Kf1 Rxc8 30. Kxe2 Bc4+ 31. Ke1 Rxf2 32. Rd2 Rcf8 33.
Kd1 Bb3 34. Rb1 0-1

[Event "25. Torneo Colllado Villalba"]
[Site "Collado Villalba ESP"]
[Date "2008.08.25"]
[Round "4.4"]
[White "Castellanos Rodriguez, Renier"]
[Black "Ortiz Suarez, Isam"]
[Result "1/2-1/2"]
[WhiteElo "2438"]
[BlackElo "2392"]
[PlyCount "116"]
[EventDate "2008.08.22"]
[EventType "swiss"]
[EventRounds "9"]
[EventCountry "ESP"]
[Source "lmi"]
[SourceDate "2008.08.22"]

1. e4 c5 2. Nf3 d6 3. d4 cxd4 4. Nxd4 Nf6 5. Nc3 a6 6. Bg5 e6 7. f4 Be7 8. Qf3
Qc7 9. O-O-O Bd7 10. Bd3 Nc6 11. Nxc6 Bxc6 12. Rhe1 O-O-O 13. Qh3 Kb8 14. Bh4
d5 15. e5 Ne4 16. Bxe7 Qxe7 17. Bxe4 dxe4 18. Qe3 Rxd1+ 19. Rxd1 Rd8 20. Rxd8+
Qxd8 21. g3 Qa5 22. Qd4 Ka8 23. b3 Qa3+ 24. Kb1 Qe7 25. h4 f5 26. exf6 Qxf6 27.
Qxf6 gxf6 28. Kc1 f5 29. Kd2 Kb8 30. Ke3 Kc7 31. Kd4 Kd6 32. Nd1 b5 33. Ne3 h5
34. a3 Be8 35. c4 Bc6 36. b4 Be8 37. c5+ Ke7 38. Ke5 Bc6 39. Nc2 Bd5 40. Nd4
Bc4 41. Nc2 Bb3 42. Ne3 Bd5 43. Kd4 Bb3 44. Kc3 Bd5 45. Nd1 Kf6 46. Kd4 Bc6 47.
Nc3 Be8 48. Ke3 Bc6 49. Ne2 Bd5 50. Kd4 Bc6 51. Kc3 Bd5 52. Nd4 Ke7 53. Kb2 Kd7
54. Nc2 Ke7 55. Kc3 Bc6 56. Kd4 Kf6 57. Ke3 Be8 58. Nd4 Ke7 1/2-1/2

[Event "25. Torneo Colllado Villalba"]
[Site "Collado Villalba ESP"]
[Date "2008.08.25"]
[Round "4.5"]
[White "Candela Perez, Jose"]
[Black "Guliev, Logman"]
[Result "1-0"]
[WhiteElo "2407"]
[BlackElo "2436"]
[PlyCount "149"]
[EventDate "2008.08.22"]
[EventType "swiss"]
[EventRounds "9"]
[EventCountry "ESP"]
[Source "lmi"]
[SourceDate "2008.08.22"]

1. d4 Nf6 2. Nf3 e6 3. c4 Bb4+ 4. Nbd2 O-O 5. a3 Bxd2+ 6. Qxd2 b6 7. e3 Bb7 8.
Be2 d6 9. O-O Nbd7 10. b4 Ne4 11. Qc2 f5 12. Bb2 Ndf6 13. d5 e5 14. Ne1 g6 15.
Nd3 b5 16. cxb5 Nxd5 17. Rfd1 Rf7 18. Qb3 Qg5 19. Nxe5 dxe5 20. Bc4 Nef6 21.
Bxe5 Kf8 22. Rxd5 Nxd5 23. Bxd5 Bxd5 24. Qxd5 Rd8 25. Qc5+ Qe7 26. Qc3 Qd7 27.
Qc5+ Kg8 28. Bd4 Re8 29. f4 h6 30. a4 g5 31. Rf1 Re4 32. Qxa7 gxf4 33. Rxf4
Rxf4 34. exf4 Re7 35. h3 Re4 36. Be5 Rxb4 37. Kh2 Kf7 38. Qc5 Rxa4 39. Bxc7 Ra1
40. b6 Rb1 41. Qc2 Rb5 42. Qc4+ Ke7 43. Qe2+ Kf7 44. Qc4+ Ke7 45. Qg8 Rb1 46.
Qg7+ Ke8 47. Qxh6 Qd5 48. Qh8+ Kf7 49. Qh7+ Ke8 50. Qh8+ Kf7 51. Qh5+ Ke7 52.
Qe2+ Qe4 53. Qd2 Qc6 54. Qd8+ Kf7 55. Qc8 Qc5 56. Qd7+ Kg6 57. Qe8+ Kh6 58.
Qe6+ Kh7 59. Qf7+ Kh6 60. Qf6+ Kh7 61. Qh4+ Kg6 62. Qg5+ Kf7 63. Qh5+ Ke7 64.
Qe2+ Kf8 65. Kg3 Qc3+ 66. Kh2 Qc5 67. Qd2 Qg1+ 68. Kg3 Rd1 69. Qb4+ Kf7 70.
Qc4+ Ke7 71. Qe2+ Kf7 72. b7 Re1 73. Qf2 Re3+ 74. Qxe3 Qxe3+ 75. Kh2 1-0

[Event "25. Torneo Colllado Villalba"]
[Site "Collado Villalba ESP"]
[Date "2008.08.25"]
[Round "4.6"]
[White "Cueto, Jonny"]
[Black "Babaev, Rashad"]
[Result "1/2-1/2"]
[WhiteElo "2321"]
[BlackElo "2484"]
[PlyCount "91"]
[EventDate "2008.08.22"]
[EventType "swiss"]
[EventRounds "9"]
[EventCountry "ESP"]
[Source "lmi"]
[SourceDate "2008.08.22"]

1. d4 Nf6 2. Nf3 g6 3. Bf4 Bg7 4. e3 O-O 5. c4 d6 6. h3 Nbd7 7. Nc3 e6 8. Be2
Qe7 9. O-O e5 10. Bh2 c6 11. Rc1 e4 12. Nd2 Re8 13. b4 h5 14. Qb3 Nf8 15. b5
Bf5 16. bxc6 bxc6 17. Qa3 Red8 18. Rfe1 Ne6 19. f3 Ng5 20. Be5 Rd7 21. Bxf6
Qxf6 22. fxe4 Nxh3+ 23. gxh3 Qh4 24. Bf1 Qg3+ 25. Kh1 Bxh3 26. Ne2 Qh4 27. Nf3
Qg4 28. Bxh3 Qxh3+ 29. Nh2 Re8 30. Qd3 Rde7 31. Nc3 Bh6 32. Qf1 Qh4 33. Qg2 Kh7
34. Kg1 f5 35. Nf3 Qf6 36. e5 dxe5 37. Nxe5 Rxe5 38. dxe5 Rxe5 39. Qf3 Qe6 40.
Nd1 f4 41. Rb1 Rg5+ 42. Kf2 Rg3 43. Rb7+ Kg8 44. Rb8+ Kf7 45. Rb7+ Kg8 46. Rb8+
1/2-1/2

[Event "25. Torneo Colllado Villalba"]
[Site "Collado Villalba ESP"]
[Date "2008.08.25"]
[Round "4.7"]
[White "Moreno Ruiz, Javier"]
[Black "Guerra Bastida, Diego"]
[Result "1-0"]
[WhiteElo "2470"]
[BlackElo "2402"]
[PlyCount "89"]
[EventDate "2008.08.22"]
[EventType "swiss"]
[EventRounds "9"]
[EventCountry "ESP"]
[Source "lmi"]
[SourceDate "2008.08.22"]

1. d4 d5 2. c4 c6 3. Nc3 dxc4 4. e4 b5 5. a4 b4 6. Na2 e6 7. Bxc4 Nf6 8. e5 Nd5
9. Nf3 a5 10. O-O Be7 11. Be3 Ba6 12. Qe2 Bxc4 13. Qxc4 Nb6 14. Qc2 Qd5 15. Nc1
Na6 16. Nd3 b3 17. Qd1 Nb4 18. Nf4 Qc4 19. Nd2 Qc2 20. Qg4 N4d5 21. Qxg7 Nxf4
22. Qxh8+ Kd7 23. Qg7 Ng6 24. Rac1 Qf5 25. Nxb3 Nd5 26. Nc5+ Kc7 27. Bd2 h5 28.
f3 Ngf4 29. g4 Qg5 30. Qxg5 Bxg5 31. Kh1 Be7 32. Rc2 h4 33. Rfc1 Bxc5 34. Rxc5
Nd3 35. Rxc6+ Kb7 36. R1c2 Nxb2 37. Rd6 Nxa4 38. Rd7+ Ka6 39. Rxf7 Rb8 40. Kg2
Nac3 41. Rxc3 Rb2 42. Rc6+ Nb6 43. Kh3 Rxd2 44. g5 Rxd4 45. Rxe6 1-0

[Event "25. Torneo Colllado Villalba"]
[Site "Collado Villalba ESP"]
[Date "2008.08.25"]
[Round "4.8"]
[White "Roa Alonso, Santiago"]
[Black "Perez De Aranda A, Leonardo I"]
[Result "1-0"]
[WhiteElo "2465"]
[BlackElo "2233"]
[PlyCount "54"]
[EventDate "2008.08.22"]
[EventType "swiss"]
[EventRounds "9"]
[EventCountry "ESP"]
[Source "lmi"]
[SourceDate "2008.08.22"]

1. e4 c5 2. Nf3 d6 3. d4 cxd4 4. Nxd4 Nf6 5. Nc3 a6 6. f4 e5 7. Nf3 Qc7 8. Bd3
Be7 9. O-O Nbd7 10. a4 O-O 11. Kh1 b6 12. Qe1 Bb7 13. Nh4 d5 14. Nf5 Bb4 15.
fxe5 Bxc3 16. bxc3 Nxe4 17. Bxe4 dxe4 18. Bf4 Qc5 19. Qg3 g6 20. Rad1 Bc6 21.
Be3 Qc4 22. Ne7+ Kh8 23. Bd4 f6 24. exf6 Rf7 25. Qh3 Nf8 26. Qh6 Ne6 27. Nxg6+
Kg8 1-0

[Event "25. Torneo Colllado Villalba"]
[Site "Collado Villalba ESP"]
[Date "2008.08.25"]
[Round "4.9"]
[White "Serrano Salvador, Eduardo"]
[Black "Pozo Vera, Sandro"]
[Result "1/2-1/2"]
[WhiteElo "2341"]
[BlackElo "2454"]
[PlyCount "48"]
[EventDate "2008.08.22"]
[EventType "swiss"]
[EventRounds "9"]
[EventCountry "ESP"]
[Source "lmi"]
[SourceDate "2008.08.22"]

1. b3 e5 2. Bb2 Nc6 3. c4 Nf6 4. e3 d5 5. cxd5 Nxd5 6. d3 Bd6 7. Nf3 O-O 8. a3
a5 9. Be2 Qe7 10. O-O Bd7 11. Nbd2 Kh8 12. Nc4 f5 13. Rc1 Rad8 14. Qd2 Bc8 15.
Nxd6 cxd6 16. Rfe1 Be6 17. Qc2 Rf6 18. Bf1 Rdf8 19. Ng5 Bg8 20. f4 Rg6 21. Qd2
Qd8 22. Kh1 Qb6 23. Nf3 e4 24. dxe4 fxe4 1/2-1/2

[Event "25. Torneo Colllado Villalba"]
[Site "Collado Villalba ESP"]
[Date "2008.08.25"]
[Round "4.11"]
[White "Sriram, Jha"]
[Black "Ivanovitch Balsinde, Nicolas"]
[Result "1-0"]
[WhiteElo "2429"]
[BlackElo "2149"]
[PlyCount "47"]
[EventDate "2008.08.22"]
[EventType "swiss"]
[EventRounds "9"]
[EventCountry "ESP"]
[Source "lmi"]
[SourceDate "2008.08.22"]

1. d4 Nf6 2. Nf3 c5 3. d5 b5 4. Bg5 Qb6 5. c3 a6 6. Bxf6 Qxf6 7. e4 d6 8. Nbd2
g5 9. Bd3 Nd7 10. O-O Bg7 11. e5 Nxe5 12. Nxe5 Qxe5 13. Re1 Qf6 14. Ne4 Qh6 15.
Qd2 Be5 16. g3 c4 17. Bf1 Bg7 18. a4 Bb7 19. h4 O-O 20. Nxg5 Bf6 21. Bg2 Qg7
22. Qe3 Kh8 23. Ne4 Rfe8 24. Nxd6 1-0

[Event "25. Torneo Colllado Villalba"]
[Site "Collado Villalba ESP"]
[Date "2008.08.25"]
[Round "4.12"]
[White "Vassallo Barrochz, Mauricio"]
[Black "Martin Martin, Luis Vicente"]
[Result "1-0"]
[WhiteElo "2398"]
[BlackElo "2094"]
[PlyCount "53"]
[EventDate "2008.08.22"]
[EventType "swiss"]
[EventRounds "9"]
[EventCountry "ESP"]
[Source "lmi"]
[SourceDate "2008.08.22"]

1. Nf3 b5 2. g3 Bb7 3. Bg2 c5 4. O-O Nf6 5. d3 e6 6. e4 d6 7. Nh4 Qc7 8. f4 Be7
9. Nf3 Nbd7 10. a4 a6 11. Qe2 O-O 12. Nc3 b4 13. Nd1 c4 14. Nf2 Nc5 15. Nd4
cxd3 16. cxd3 e5 17. Nf5 Nb3 18. fxe5 dxe5 19. Bg5 Bd8 20. Rad1 Ne8 21. Be3 Bc8
22. g4 g6 23. Nh6+ Kh8 24. g5 Ng7 25. Nfg4 Bxg4 26. Qxg4 Ne6 27. Nxf7+ 1-0

[Event "25. Torneo Colllado Villalba"]
[Site "Collado Villalba ESP"]
[Date "2008.08.25"]
[Round "4.13"]
[White "Vilarnovo Caamaño, Jose"]
[Black "Elissalt Cardenas, Hector"]
[Result "0-1"]
[WhiteElo "2104"]
[BlackElo "2329"]
[PlyCount "74"]
[EventDate "2008.08.22"]
[EventType "swiss"]
[EventRounds "9"]
[EventCountry "ESP"]
[Source "lmi"]
[SourceDate "2008.08.22"]

1. c4 f5 2. Nc3 Nf6 3. d4 e6 4. Nf3 Bb4 5. Qb3 a5 6. Bg5 h6 7. Bxf6 Qxf6 8. a3
Bxc3+ 9. Qxc3 b6 10. g3 Bb7 11. Bg2 O-O 12. O-O a4 13. b4 axb3 14. Qxb3 Be4 15.
e3 Nc6 16. Nd2 Bxg2 17. Kxg2 g5 18. f4 g4 19. Rh1 h5 20. h4 Ra7 21. Ra2 Kg7 22.
Rc1 d6 23. Qb5 Ne7 24. Nb3 Rfa8 25. a4 Qf8 26. Rca1 Qc8 27. Rb2 Qb7+ 28. Kh2
Qc6 29. Qxc6 Nxc6 30. Rba2 Nb4 31. Rb2 Rxa4 32. Rxa4 Rxa4 33. c5 Nd5 34. cxd6
cxd6 35. Kg1 Rb4 36. Kf2 Nc3 37. Ke1 Ne4 0-1

[Event "25. Torneo Colllado Villalba"]
[Site "Collado Villalba ESP"]
[Date "2008.08.25"]
[Round "4.14"]
[White "Arauz Alonso, Fernando"]
[Black "Rodriguez Lopez, Rafael"]
[Result "0-1"]
[WhiteElo "2097"]
[BlackElo "2312"]
[PlyCount "172"]
[EventDate "2008.08.22"]
[EventType "swiss"]
[EventRounds "9"]
[EventCountry "ESP"]
[Source "lmi"]
[SourceDate "2008.08.22"]

1. Nf3 Nf6 2. d4 g6 3. b3 Bg7 4. Bb2 O-O 5. e3 c5 6. Be2 cxd4 7. exd4 Nc6 8. c4
d5 9. Nbd2 dxc4 10. bxc4 Nh5 11. Nb3 Nf4 12. O-O Bg4 13. Qd2 Nxe2+ 14. Qxe2 a5
15. d5 Bxf3 16. gxf3 Bxb2 17. Qxb2 Nb4 18. a3 Na6 19. Qd2 a4 20. Nd4 Nc5 21.
Rfe1 e6 22. dxe6 Nxe6 23. Rad1 Nxd4 24. Qxd4 Qg5+ 25. Qg4 Qc5 26. Re3 Rad8 27.
Rd5 Rxd5 28. cxd5 b5 29. Rd3 Rd8 30. Qg5 Re8 31. h4 Re2 32. Qg3 Re1+ 33. Kg2
Qc1 34. Qh2 Qc4 35. Rd2 Qf1+ 36. Kg3 Rd1 37. Rxd1 Qxd1 38. Qh3 Qxd5 39. Qc8+
Kg7 40. Qc3+ f6 41. Qc7+ Qf7 42. Qc6 Qc4 43. Qd7+ Kh6 44. Qd6 Qc3 45. Qf8+ Kh5
46. Qg7 h6 47. Qb7 b4 48. axb4 a3 49. Kh3 f5 50. Qa8 Qxb4 51. Kg2 Kxh4 52. Qd5
Kh5 53. Qd1 Qf4 54. Qa1 Qa4 55. Qh1+ Kg5 56. Qc1+ Kf6 57. Qc3+ Ke6 58. Qc8+ Qd7
59. Qc4+ Ke7 60. Qb4+ Qd6 61. Qb7+ Kf6 62. Qa8 Kg5 63. Qa4 h5 64. Kh3 f4 65.
Qa5+ Kh6 66. Qa8 Qe6+ 67. Kg2 a2 68. Qh8+ Kg5 69. Qd8+ Kf5 70. Qa5+ Kf6 71.
Qd8+ Kg7 72. Qd4+ Qf6 73. Qa7+ Qf7 74. Qd4+ Kh7 75. Qa4 Kh6 76. Kh2 h4 77. Kg2
Kh5 78. Kh2 Qd5 79. Qxf4 a1=Q 80. Qg4+ Kh6 81. Qf4+ Kh7 82. Qc7+ Qg7 83. Qb6
Qxf3 84. Qc5 h3 85. Qg5 Qxf2+ 86. Qg2 Qxg2# 0-1

[Event "25. Torneo Colllado Villalba"]
[Site "Collado Villalba ESP"]
[Date "2008.08.25"]
[Round "4.15"]
[White "San Juan Rodriguez, Miguel"]
[Black "Ibañez Aullana, Jose Ramon"]
[Result "0-1"]
[WhiteElo "2084"]
[BlackElo "2301"]
[PlyCount "74"]
[EventDate "2008.08.22"]
[EventType "swiss"]
[EventRounds "9"]
[EventCountry "ESP"]
[Source "lmi"]
[SourceDate "2008.08.22"]

1. e4 Nf6 2. e5 Nd5 3. d4 d6 4. c4 Nb6 5. exd6 exd6 6. Nc3 Be7 7. Be3 O-O 8.
Nf3 Bg4 9. Qd2 Nc6 10. Nd5 Bxf3 11. gxf3 Bf6 12. Nxf6+ Qxf6 13. O-O-O d5 14. b3
h6 15. Rg1 Kh8 16. c5 Nc8 17. Rg3 N8e7 18. Bh3 b6 19. Rdg1 Rg8 20. Bd7 bxc5 21.
Rh3 Kh7 22. Bg5 Qd6 23. Bxc6 Nxc6 24. Qc2+ Qg6 25. Qxc5 Nxd4 26. Qxd4 f6 27.
Rhg3 fxg5 28. f4 Rae8 29. Qd2 Qf6 30. Qc2+ g6 31. fxg5 hxg5 32. Rxg5 Re6 33.
Rh5+ Kg7 34. Qb2 d4 35. Rd5 Qf4+ 36. Qd2 Rc6+ 37. Kd1 Qf3+ 0-1

[Event "25. Torneo Colllado Villalba"]
[Site "Collado Villalba ESP"]
[Date "2008.08.25"]
[Round "4.16"]
[White "Perez Gonzalez, Jose Manuel"]
[Black "Vukotic Jovsic, Dragan"]
[Result "1-0"]
[WhiteElo "2255"]
[BlackElo "2069"]
[PlyCount "95"]
[EventDate "2008.08.22"]
[EventType "swiss"]
[EventRounds "9"]
[EventCountry "ESP"]
[Source "lmi"]
[SourceDate "2008.08.22"]

1. e4 c5 2. Nf3 d6 3. d4 cxd4 4. Nxd4 Nf6 5. Nc3 g6 6. Be3 Bg7 7. f3 O-O 8. Qd2
Nc6 9. Bc4 Bd7 10. O-O-O Rc8 11. Bb3 Ne5 12. Kb1 Nc4 13. Bxc4 Rxc4 14. g4 b5
15. b3 Rc5 16. Ne6 Bxe6 17. Bxc5 Qa5 18. Bd4 Rc8 19. Nd5 Qxd2 20. Nxf6+ Bxf6
21. Rxd2 Bg5 22. Rd3 a5 23. h4 Bf4 24. Be3 Be5 25. f4 Bc3 26. f5 Bd7 27. Bd2
Bxd2 28. Rxd2 a4 29. Kb2 Rc5 30. Re1 f6 31. Rd5 a3+ 32. Kc1 Rc3 33. Rd3 Rc5 34.
Kd2 Kf7 35. h5 gxh5 36. gxh5 Re5 37. Rc3 d5 38. Rc7 Be8 39. Rc5 dxe4 40. Rxe5
fxe5 41. Rxe4 Kf6 42. h6 Kxf5 43. Re1 e4 44. Ke3 Bg6 45. Rd1 e6 46. Rd6 Ke5 47.
Rb6 Be8 48. Rb7 1-0

[Event "25. Torneo Colllado Villalba"]
[Site "Collado Villalba ESP"]
[Date "2008.08.25"]
[Round "4.17"]
[White "Martinez Rodriguez, Pablo"]
[Black "Tejedor Ariza, Francisco"]
[Result "0-1"]
[WhiteElo "2244"]
[BlackElo "2010"]
[PlyCount "52"]
[EventDate "2008.08.22"]
[EventType "swiss"]
[EventRounds "9"]
[EventCountry "ESP"]
[Source "lmi"]
[SourceDate "2008.08.22"]

1. e4 c5 2. Nf3 e6 3. d3 d5 4. Nbd2 Nc6 5. g3 Bd6 6. Bg2 Nge7 7. O-O f6 8. Re1
d4 9. Nc4 e5 10. Nxd6+ Qxd6 11. Nd2 a6 12. Bh3 Bxh3 13. Qh5+ Kd7 14. Qxh3+ Qe6
15. Qg2 g5 16. Nb3 b6 17. c3 h5 18. Kf1 h4 19. g4 c4 20. cxd4 h3 21. Qg3 cxb3
22. d5 Nxd5 23. exd5 Qxd5 24. axb3 Nd4 25. Rd1 Qh1+ 26. Qg1 Qf3 0-1

[Event "25. Torneo Colllado Villalba"]
[Site "Collado Villalba ESP"]
[Date "2008.08.25"]
[Round "4.18"]
[White "Torres Samper, Rafael"]
[Black "Sanchez Gonzalez, Sergio"]
[Result "0-1"]
[WhiteElo "2068"]
[BlackElo "2228"]
[PlyCount "102"]
[EventDate "2008.08.22"]
[EventType "swiss"]
[EventRounds "9"]
[EventCountry "ESP"]
[Source "lmi"]
[SourceDate "2008.08.22"]

1. e4 c5 2. Nf3 b6 3. d4 cxd4 4. Nxd4 Bb7 5. Nc3 a6 6. Bc4 e6 7. O-O Qc7 8. Qe2
b5 9. Bb3 Nc6 10. Nxc6 Bxc6 11. Nd5 Qb7 12. Bf4 d6 13. Rad1 Bd7 14. Rfe1 exd5
15. exd5+ Kd8 16. c4 Rc8 17. Qh5 g6 18. Qg5+ Be7 19. Rxe7 f6 20. Rxd7+ Qxd7 21.
Qg3 Ne7 22. Qc3 Rf8 23. Qa5+ Ke8 24. Qxa6 Kf7 25. c5 Nf5 26. c6 Qe7 27. Qxb5
Rfe8 28. Qd3 Qa7 29. g4 Ng7 30. Kf1 Re7 31. Re1 Rxe1+ 32. Kxe1 Re8+ 33. Kf1 Qe7
34. Qe3 Qc7 35. Qg3 Qe7 36. Bxd6 Qe4 37. f3 Qb1+ 38. Kg2 Re2+ 39. Qf2 Rxf2+ 40.
Kxf2 Qxb2+ 41. Kg3 Ne8 42. Bf4 g5 43. d6+ Kf8 44. d7 gxf4+ 45. Kh3 Ke7 46.
dxe8=Q+ Kxe8 47. Bd5 Qc2 48. Be4 Qf2 49. c7 Kd7 50. g5 fxg5 51. Kg4 Qh4+ 0-1

[Event "25. Torneo Colllado Villalba"]
[Site "Collado Villalba ESP"]
[Date "2008.08.25"]
[Round "4.19"]
[White "Lobato Lavin, Alvaro"]
[Black "Prieto Martin, Alfonso"]
[Result "1/2-1/2"]
[WhiteElo "2046"]
[BlackElo "2175"]
[PlyCount "108"]
[EventDate "2008.08.22"]
[EventType "swiss"]
[EventRounds "9"]
[EventCountry "ESP"]
[Source "lmi"]
[SourceDate "2008.08.22"]

1. e4 d6 2. d4 Nf6 3. Nc3 g6 4. f4 c6 5. Nf3 Bg7 6. Bd3 O-O 7. O-O b5 8. h3 a6
9. Qe1 Nfd7 10. e5 Nb6 11. Qg3 Be6 12. f5 Bc4 13. Bxc4 Nxc4 14. e6 Qe8 15. Ng5
Bxd4+ 16. Kh1 fxe6 17. Nxe6 Be5 18. Bf4 Rxf5 19. Bxe5 Rxf1+ 20. Rxf1 Nxe5 21.
Nc7 Qc8 22. Nxa8 Nbd7 23. Ne4 Qxa8 24. Qh4 Qe8 25. Ng5 Nf6 26. Rxf6 exf6 27.
Qxh7+ Kf8 28. Qh8+ Ke7 29. Qg7+ Nf7 30. Ne4 Qh8 31. Qxg6 Qh4 32. Kh2 Qf4+ 33.
Ng3 Ke6 34. Qe4+ Qxe4 35. Nxe4 Ke5 36. Ng3 d5 37. Kg1 Nd6 38. Kf2 Nc4 39. b3
Na3 40. c3 c5 41. Ke3 a5 42. h4 f5 43. Ne2 b4 44. cxb4 axb4 45. g3 Nb5 46. h5
Kf6 47. Kf4 d4 48. Nc1 Nc3 49. h6 Nd5+ 50. Kf3 Kg6 51. Nd3 Nc3 52. Nxc5 Nxa2
53. Nd3 Kxh6 54. Kf4 Kg6 1/2-1/2

[Event "25. Torneo Colllado Villalba"]
[Site "Collado Villalba ESP"]
[Date "2008.08.25"]
[Round "4.20"]
[White "Gonzalo Gonzalez, Francisco"]
[Black "Martinez De Miguel, Pedro"]
[Result "0-1"]
[WhiteElo "1858"]
[BlackElo "2172"]
[PlyCount "84"]
[EventDate "2008.08.22"]
[EventType "swiss"]
[EventRounds "9"]
[EventCountry "ESP"]
[Source "lmi"]
[SourceDate "2008.08.22"]

1. e4 c5 2. Nf3 d6 3. c3 Nc6 4. Bb5 Qb6 5. a4 a6 6. Bc4 e6 7. O-O Nf6 8. Re1
Be7 9. d4 O-O 10. Qc2 cxd4 11. Bg5 h6 12. Bh4 Bd7 13. Nbd2 Rac8 14. Qd3 dxc3
15. bxc3 Rfd8 16. Rab1 Qc7 17. Rb2 Na5 18. e5 dxe5 19. Nxe5 Nxc4 20. Qxc4 Qa5
21. Qe2 Qc7 22. Reb1 b5 23. axb5 axb5 24. f4 Qxc3 25. Nxd7 Rxd7 26. Be1 Qd4+
27. Kh1 Qxf4 28. Rxb5 Rc2 29. Qf1 Qxf1+ 30. Nxf1 Nd5 31. g3 Bg5 32. h4 Bf6 33.
Rd1 Ra7 34. Rbb1 Raa2 35. Bd2 Be5 36. h5 Nf6 37. Kh2 Nxh5 38. Kh3 Nxg3 39. Nxg3
Rxd2 40. Rg1 Rd3 41. Rb5 Bd6 42. Rb6 Raa3 0-1

[Event "25. Torneo Colllado Villalba"]
[Site "Collado Villalba ESP"]
[Date "2008.08.26"]
[Round "5.1"]
[White "Petkov, Vladimir"]
[Black "Candela Perez, Jose"]
[Result "1-0"]
[WhiteElo "2423"]
[BlackElo "2407"]
[PlyCount "41"]
[EventDate "2008.08.22"]
[EventType "swiss"]
[EventRounds "9"]
[EventCountry "ESP"]
[Source "lmi"]
[SourceDate "2008.08.22"]

1. d4 d5 2. c4 c6 3. Nf3 Nf6 4. Qc2 dxc4 5. Qxc4 e6 6. Bg5 b5 7. Qc2 Bb7 8.
Nbd2 Nbd7 9. e4 Qb6 10. a4 a6 11. Be2 c5 12. axb5 axb5 13. Rxa8+ Bxa8 14. O-O
Bb7 15. Rc1 h6 16. Be3 c4 17. b3 Ng4 18. bxc4 Nxe3 19. fxe3 bxc4 20. Nxc4 Qc6
21. Qb1 1-0

[Event "25. Torneo Colllado Villalba"]
[Site "Collado Villalba ESP"]
[Date "2008.08.26"]
[Round "5.2"]
[White "Gallardo Garcia, Andres"]
[Black "Moreno Ruiz, Javier"]
[Result "0-1"]
[WhiteElo "2408"]
[BlackElo "2470"]
[PlyCount "46"]
[EventDate "2008.08.22"]
[EventType "swiss"]
[EventRounds "9"]
[EventCountry "ESP"]
[Source "lmi"]
[SourceDate "2008.08.22"]

1. e4 e6 2. d4 d5 3. e5 c5 4. c3 Nc6 5. Nf3 Nh6 6. Na3 cxd4 7. cxd4 Bxa3 8.
bxa3 Nf5 9. g4 Nh4 10. Nxh4 Qxh4 11. Be3 f6 12. exf6 gxf6 13. Be2 Bd7 14. Rb1
Na5 15. Qd2 b6 16. Qb4 Nc4 17. Bxc4 dxc4 18. g5 f5 19. Rd1 Qe4 20. Rg1 f4 21.
Rg4 e5 22. Rh4 Qg2 23. Qd6 O-O-O 0-1

[Event "25. Torneo Colllado Villalba"]
[Site "Collado Villalba ESP"]
[Date "2008.08.26"]
[Round "5.3"]
[White "Vazquez Igarza, Renier"]
[Black "Castellanos Rodriguez, Renier"]
[Result "1-0"]
[WhiteElo "2540"]
[BlackElo "2438"]
[PlyCount "63"]
[EventDate "2008.08.22"]
[EventType "swiss"]
[EventRounds "9"]
[EventCountry "ESP"]
[Source "lmi"]
[SourceDate "2008.08.22"]

1. d4 Nf6 2. c4 c5 3. e3 g6 4. Nc3 Bg7 5. Nf3 O-O 6. Be2 d6 7. O-O Nc6 8. d5
Na5 9. h3 b6 10. e4 e5 11. Bg5 Kh8 12. Nd2 Qd7 13. f4 exf4 14. Bxf4 Qe7 15. Bg5
h6 16. Bh4 g5 17. Bg3 Nd7 18. Qc2 Ne5 19. Rae1 Ba6 20. Nd1 Rae8 21. Ne3 Bc8 22.
Kh1 Nb7 23. Bh5 Bd7 24. b3 Nd8 25. Nf5 Bxf5 26. exf5 Bf6 27. Ne4 Kg7 28. Re2
Nb7 29. Be1 Qd8 30. Bc3 Nd7 31. Nxf6 Nxf6 32. Re6 1-0

[Event "25. Torneo Colllado Villalba"]
[Site "Collado Villalba ESP"]
[Date "2008.08.26"]
[Round "5.4"]
[White "Ortiz Suarez, Isam"]
[Black "Roa Alonso, Santiago"]
[Result "1-0"]
[WhiteElo "2392"]
[BlackElo "2465"]
[PlyCount "39"]
[EventDate "2008.08.22"]
[EventType "swiss"]
[EventRounds "9"]
[EventCountry "ESP"]
[Source "lmi"]
[SourceDate "2008.08.22"]

1. e4 d6 2. d4 Nf6 3. Nc3 g6 4. f4 Bg7 5. Nf3 O-O 6. Be3 b6 7. Qe2 Bb7 8. e5
Ng4 9. O-O-O c5 10. Bg1 Qc8 11. d5 Bh6 12. g3 Ba6 13. Qe4 Bxf1 14. Rxf1 Qa6 15.
Rd1 Nxe5 16. Nxe5 dxe5 17. d6 exd6 18. Qxa8 b5 19. Qd5 exf4 20. Kb1 1-0

[Event "25. Torneo Colllado Villalba"]
[Site "Collado Villalba ESP"]
[Date "2008.08.26"]
[Round "5.5"]
[White "Babaev, Rashad"]
[Black "Sanchez Guirado, Francisco"]
[Result "1/2-1/2"]
[WhiteElo "2484"]
[BlackElo "2415"]
[PlyCount "33"]
[EventDate "2008.08.22"]
[EventType "swiss"]
[EventRounds "9"]
[EventCountry "ESP"]
[Source "lmi"]
[SourceDate "2008.08.22"]

1. e4 c5 2. Nf3 d6 3. d4 cxd4 4. Nxd4 Nf6 5. Nc3 Nc6 6. Be2 g6 7. Nb3 Bg7 8.
O-O O-O 9. Bg5 a6 10. a4 b6 11. f4 Bb7 12. Bf3 Nd7 13. Rf2 Na5 14. Nd4 Rc8 15.
Nd5 Re8 16. b3 Nc6 17. Nxc6 1/2-1/2